Advanced Engineering Mathematics (Record no. 934)
[ view plain ]
| 000 -LEADER | |
|---|---|
| fixed length control field | 00350nam a2200145Ia 4500 |
| 008 - FIXED-LENGTH DATA ELEMENTS--GENERAL INFORMATION | |
| fixed length control field | 191201s2005 xx 000 0 und d |
| 082 ## - DEWEY DECIMAL CLASSIFICATION NUMBER | |
| Classification number | 510 |
| Item number | KRA |
| 100 ## - MAIN ENTRY--PERSONAL NAME | |
| Personal name | KREYSZIG, Erwin |
| 245 #0 - TITLE STATEMENT | |
| Title | Advanced Engineering Mathematics |
| 250 ## - EDITION STATEMENT | |
| Edition statement | 8th |
| 260 ## - PUBLICATION, DISTRIBUTION, ETC. (IMPRINT) | |
| Place of publication, distribution, etc | N.Delhi |
| Name of publisher, distributor, etc | John wiley and Sons |
| Date of publication, distribution, etc | 2005 |
| 300 ## - PHYSICAL DESCRIPTION | |
| Extent | 1156 |
| 650 ## - SUBJECT ADDED ENTRY--TOPICAL TERM | |
| Topical term or geographic name as entry element | Applied |
| 942 ## - ADDED ENTRY ELEMENTS (KOHA) | |
| Source of classification or shelving scheme | Dewey Decimal Classification |
| Koha item type | Text Books |
| Withdrawn status | Lost status | Source of classification or shelving scheme | Damaged status | Not for loan | Collection code | Home library | Current library | Date acquired | Source of acquisition | Cost, normal purchase price | Bill Number | Total Checkouts | Full call number | Acc. no. / Barcode | Date last seen | Date last borrowed | Bill Date | Koha item type |
|---|---|---|---|---|---|---|---|---|---|---|---|---|---|---|---|---|---|---|
| Dewey Decimal Classification | Applied Sc. | PIET C-LIBRARY | PIET C-LIBRARY | 08/08/2006 | UBS pub and dis ltd n. delhi | 325.00 | 125415 | 1 | 510 KRA | 719 | 10/10/2022 | 22/09/2022 | 18/08/2005 | Text Books | ||||
| Dewey Decimal Classification | Applied Sc. | PIET C-LIBRARY | PIET C-LIBRARY | 08/08/2006 | UBS pub and dis ltd n. delhi | 325.00 | 125415 | 510 KRA | 720 | 04/12/2019 | 18/08/2005 | Text Books | ||||||
| Dewey Decimal Classification | Applied Sc. | PIET C-LIBRARY | PIET C-LIBRARY | 08/08/2006 | UBS pub and dis ltd n. delhi | 325.00 | 125415 | 510 KRA | 721 | 04/12/2019 | 18/08/2005 | Text Books | ||||||
| Dewey Decimal Classification | Applied Sc. | PIET C-LIBRARY | PIET C-LIBRARY | 08/08/2006 | UBS pub and dis ltd n. delhi | 325.00 | 125415 | 2 | 510 KRA | 722 | 12/10/2022 | 28/09/2022 | 18/08/2005 | Text Books | ||||
| Dewey Decimal Classification | Applied Sc. | PIET C-LIBRARY | PIET C-LIBRARY | 08/08/2006 | UBS pub and dis ltd n. delhi | 325.00 | 125415 | 510 KRA | 723 | 04/12/2019 | 18/08/2005 | Text Books | ||||||
| Dewey Decimal Classification | Applied Sc. | PIET C-LIBRARY | PIET C-LIBRARY | 08/08/2006 | UBS pub and dis ltd n. delhi | 325.00 | 125415 | 510 KRA | 724 | 04/12/2019 | 18/08/2005 | Text Books | ||||||
| Dewey Decimal Classification | Applied Sc. | PIET C-LIBRARY | PIET C-LIBRARY | 08/08/2006 | UBS pub and dis ltd n. delhi | 325.00 | 125415 | 510 KRA | 725 | 04/12/2019 | 18/08/2005 | Text Books | ||||||
| Dewey Decimal Classification | Applied Sc. | PIET C-LIBRARY | PIET C-LIBRARY | 08/08/2006 | UBS pub and dis ltd n. delhi | 325.00 | 125415 | 1 | 510 KRA | 726 | 22/09/2022 | 08/09/2022 | 18/08/2005 | Text Books |